| 000 | 01164nam a22002537a 4500 | ||
|---|---|---|---|
| 005 | 20110712113829.0 | ||
| 008 | 110712t xxu||||| |||| 00| 0 mar d | ||
| 010 | _aMAR-21073 | ||
| 020 |
_c125.00 _a9789380700007 |
||
| 035 | _aMR-13731 | ||
| 037 | _bDBAD/PUB | ||
| 040 |
_aDPL _bMR |
||
| 082 | _a891.461 | ||
| 100 |
_aविसपुते,गणेश _929492 |
||
| 245 |
_aआवाज नष्ट होत नाहीत / _cगणेश विसपुते |
||
| 246 |
_aAwaj Nashta Hot Naheet _bby Ganesh Visputay |
||
| 260 |
_aमुंबई _bलोकवाड्.मय गृह _c2010 |
||
| 270 |
_aभूपेश गुप्ता भवन,85 सयानी रोड.प्रभादेवी _bमुंबई _e400025 |
||
| 300 |
_a116पृ _b22सेमी(अजिल्द) |
||
| 650 |
_aमराठी कवितासंग्रह _929503 |
||
| 650 |
_aMarathi Poetry _929504 |
||
| 942 |
_2ddc _cMR _h891.461 _mविसपु |
||
| 999 |
_c53790 _d53790 |
||